00614nam a2200193Ia 4500003000400000005001700004008004100021020001900062040002900081050002700110100002700137245004500164260002300209300001000232650002800242942001200270952012100282999001700403OSt20230802103819.0230222s9999||||xx |||||||||||||| ||und|| a9966 8 46 13 8 cChuka University Library aSBL QP 312.43bP3 1991 aJ.M.Z Kamau (ed)96870 2aA practical manual on animal physiology/ aNUPbNairobic1991 a111p. aAnimal physiology99772 cBK2lcc 001040708LGLaCHKbCHKcGENd2023-02-22l0oSBL QP 312.43 .P3 1991p537/2006r2023-02-22 00:00:00w2023-02-22yBK c11657d11657